[Event "Burgos Intercajas"]
[Site "Burgos"]
[Date "2011.10.26"]
[Round "4.5"]
[White "Fernandez Vega, Alberto"]
[Black "Blanco Andonegui, Juan Antonio"]
[Result "1/2-1/2"]
[WhiteElo "1966"]
[BlackElo "1965"]
[PlyCount "64"]
[EventDate "2011.10.23"]
[EventType "swiss"]
[EventRounds "6"]
[EventCountry "ESP"]
[SourceTitle "EXT 2024"]
[Source "ChessBase"]
[SourceDate "2023.10.10"]
[SourceVersion "1"]
[SourceVersionDate "2023.10.10"]
[SourceQuality "1"]
[WhiteTeam "Castilla La Mancha"]
[BlackTeam "KUTXA"]
[WhiteTeamCountry "ESP"]
[BlackTeamCountry "ESP"]

1. d4 d5 2. c4 c6 3. Nc3 dxc4 4. e3 e6 5. Bxc4 g6 6. Nf3 Bg7 7. a4 Nf6 8. 0-0 0-0 9. Qc2 Nbd7 10. b4 b6 11. Bb2 Bb7 12. Ne4 Qc7 13. Rac1 Rac8 14. Nxf6+ Nxf6 15. Qe2 Qd7 16. Rfd1 Nd5 17. Qd2 Qd6 18. Bc3 Nxc3 19. Qxc3 Qc7 20. Be2 Qe7 21. Qb3 Rc7 22. h3 Rfc8 23. Kh1 c5 24. bxc5 bxc5 25. dxc5 Bd5 26. Qd3 Rxc5 27. Rxc5 Qxc5 28. Qb5 Qc2 29. Nd4 Bxd4 30. Rxd4 Bc6 31. Qa6 Bd5 32. Bd3 Qc7 1/2-1/2